000 00552cam a2200205 4500
001 D16241
008 090401t1978 xxu||||| |||| 00| 0 eng d
035 _a(Sirsi) u28160
041 _aeng
050 _a692.5
110 _aRoyal Institution of Chartered Surveyors
_94900
245 _aSMM 6: brief introductory guide. Standard method of Measurement
250 _a6th
260 _bRICS/NFBTE
_c1978
300 _a8p. 30cm
350 _a0
520 _aFiled in box 1978/29 A ; Filed in SMM box 1978/2 BC
942 _n0
948 _c04/03/1997
999 _c89213
_d89213